Statistics for Commonwealth Flags

Click here to take the quiz!

General Stats

  • This quiz has been taken 9 times
  • The average score is 49 of 56

Answer Stats

Answer% Correct
Australia
100%
Bangladesh
100%
Barbados
100%
Canada
100%
Cyprus
100%
Eswatini
100%
India
100%
Kenya
100%
Malta
100%
New Zealand
100%
Saint Lucia
100%
Sri Lanka
100%
United Kingdom
100%
Antigua And Barbuda
89%
Belize
89%
Brunei
89%
Dominica
89%
Fiji
89%
Grenada
89%
Guyana
89%
Jamaica
89%
Kiribati
89%
Malaysia
89%
Maldives
89%
Nauru
89%
Nigeria
89%
Pakistan
89%
Papua New Guinea
89%
Saint Kitts And Nevis
89%
Saint Vincent And The Grenadines
89%
Samoa
89%
Singapore
89%
South Africa
89%
The Bahamas
89%
Tonga
89%
Trinidad and Tobago
89%
Tuvalu
89%
Uganda
89%
Vanuatu
89%
Zambia
89%
Botswana
78%
Cameroon
78%
Gabon
78%
Ghana
78%
Lesotho
78%
Malawi
78%
Mauritius
78%
Mozambique
78%
Namibia
78%
Rwanda
78%
Seychelles
78%
Sierra Leone
78%
Solomon Islands
78%
Tanzania
78%
The Gambia
78%
Togo
78%

Score Distribution

Percentile by Number Answered

Percent of People with Each Score

Your Score History

You have not taken this quiz